Tilastot visalle Maat lähimpänä Bahrain - minuutin sprintti

Klikkaa tästä pelataksesi tätä visaa!

Yleistilastot

  • Tätä visaa on pelattu 14 kertaa
  • Keskiarvotulos 11 / 20

Vastaustilastot

kmmaa% Oikein
448Irak
92%
191Iran
92%
1Qatar
92%
322Kuwait
85%
0Saudi-Arabia
85%
1283Syyria
77%
158Yhdistyneet
arabiemiirikunnat
77%
1077Afganistan
69%
771Jemen
69%
1269Jordania
69%
509Oman
62%
1449Egypti
46%
1088Pakistan
46%
1325Turkki
38%
1356Azerbaidžan
23%
1447Armenia
15%
1513Eritrea
15%
1513Somalia
15%
1449Sudan
15%
1264Turkmenistan
8%

Tulosjakauma

Persentiili vastausten määrän mukaan

Jokaisen tuloksen saaneiden osuus

Tuloshistoriasi

Et ole pelannut tätä visaa